| 000 | 00539nam a2200181 i 4500 | ||
|---|---|---|---|
| 001 | 59245 | ||
| 003 | ES-MaACL | ||
| 005 | 20230906164009.0 | ||
| 007 | t| | ||
| 008 | 031028s1973 sp ||||1| spa d | ||
| 100 | 1 |
_aEmpaytaz de Croome, Dionisia. _9144064 |
|
| 245 | 1 | 0 |
_aPetirrojo _b: vida nueva / _cDionisia Empaytaz de Croome ; prólogo Alan D. Deyermond. |
| 250 | _a[1ª ed.]. | ||
| 260 |
_a[Madrid] : _bAguilar, _c[1973] |
||
| 300 |
_a78 p. ; _c20 cm. |
||
| 700 | 1 |
_aDeyermond, A. D. _944055 |
|
| 852 |
_aES-MaACL _jC-55678 _bR.88274 |
||
| 999 |
_c59245 _d59245 |
||